| 000 | 00576nam a2200181 4500 | ||
|---|---|---|---|
| 005 | 20241007165814.0 | ||
| 010 | _aENG-141940 | ||
| 020 |
_a9788129138002 _c1600.00 |
||
| 035 | _aEN-125492 | ||
| 037 | _bDBAD | ||
| 082 |
_a004.09548711 _21 |
||
| 245 |
_aIndia Rising @ SIlicon Valley/ _cBy Confederation of Indian Industry |
||
| 250 | _a1 | ||
| 260 |
_aNew Delhi _bRupa Publications India Pvt. Ltd. _c2015 |
||
| 270 |
_a7/16,Ansari Road, Daryaganj _bNew Delhi _e110002 |
||
| 300 |
_a99p. _bIndex,Col. Ill. _c30cm(hbk) |
||
| 942 |
_2ddc _cEN _h004.09548711 _mIND |
||
| 999 |
_c206154 _d206154 |
||